[Event "Drogheda Thomson op"]
[Site "Drogheda"]
[Date "2025.06.01"]
[Round "3"]
[White "Kanyamarala, Trisha"]
[Black "Kholyavko, Kirill"]
[Result "1-0"]
[WhiteElo "2221"]
[BlackElo "1950"]
[PlyCount "71"]
[EventDate "2025.05.31"]
[EventType "swiss"]
[EventRounds "6"]
[EventCountry "IRL"]
[SourceTitle "CB23_2025"]
[SourceDate "2025.06.04"]
[SourceVersion "1"]
[SourceVersionDate "2025.06.04"]
[SourceQuality "1"]

1. d4 Nf6 2. Nf3 d5 3. e3 e6 4. Bd3 Bd6 5. b3 0-0 6. Bb2 b6 7. 0-0 Ba6 8. c4 c6 9. Nbd2 Nbd7 10. e4 dxe4 11. Nxe4 Nxe4 12. Bxe4 Rc8 13. Qc2 f5 14. Bd3 c5 15. Rfe1 Bb7 16. d5 exd5 17. cxd5 Bxd5 18. Bc4 Bxc4 19. Qxc4+ Kh8 20. Rad1 Nf6 21. Be5 Ne4 22. Bxd6 Nxd6 23. Qf4 Rf6 24. Ng5 Rc6 25. Qf3 Qc8 26. Re7 h6 27. Qh5 Rc7 28. Re2 Nf7 29. Rde1 Nxg5 30. Re8+ Qxe8 31. Qxe8+ Kh7 32. h4 Ne4 33. Qd8 Rcf7 34. f3 Nc3 35. Re8 Nxa2 36. h5 1-0

[Event "Drogheda Thomson op"]
[Site "Drogheda"]
[Date "2025.05.31"]
[Round "2"]
[White "Mulay, Pratik"]
[Black "Kanyamarala, Trisha"]
[Result "1/2-1/2"]
[WhiteElo "2067"]
[BlackElo "2221"]
[PlyCount "50"]
[EventDate "2025.05.31"]
[EventType "swiss"]
[EventRounds "6"]
[EventCountry "IRL"]
[SourceTitle "CB23_2025"]
[SourceDate "2025.06.04"]
[SourceVersion "1"]
[SourceVersionDate "2025.06.04"]
[SourceQuality "1"]

1. Nf3 d5 2. g3 Nc6 3. Bg2 e5 4. d3 Nf6 5. Bg5 Be7 6. Nc3 d4 7. Bxf6 Bxf6 8. Ne4 Be7 9. c3 f5 10. Ned2 Be6 11. Qa4 0-0 12. 0-0 a6 13. cxd4 exd4 14. Rac1 Bd5 15. Ne1 Re8 16. a3 Bg5 17. Qd1 Qd7 18. f4 Bf6 19. Bxd5+ Qxd5 20. Rf2 Kh8 21. Qb3 Qa5 22. Nc4 Qb5 23. Nd2 Qa5 24. Nc4 Qb5 25. Nd2 Qa5 1/2-1/2

[Event "Sardinia World op-A"]
[Site "Orosei"]
[Date "2025.05.01"]
[Round "7"]
[White "Kanyamarala, Trisha"]
[Black "Destic, Elena"]
[Result "1/2-1/2"]
[WhiteElo "2185"]
[BlackElo "1939"]
[PlyCount "40"]
[EventDate "2025.04.27"]
[EventType "swiss"]
[EventRounds "9"]
[EventCountry "ITA"]
[SourceTitle "CB19_2025"]
[SourceDate "2025.05.07"]
[SourceVersion "1"]
[SourceVersionDate "2025.05.07"]
[SourceQuality "1"]

1. d4 c6 2. c4 d5 3. Nf3 Nf6 4. Nc3 e6 5. e3 Ne4 6. Bd3 f5 7. Ne5 Qh4 8. 0-0 Nd7 9. f4 Be7 10. Rf3 Nxe5 11. dxe5 Nxc3 12. bxc3 Bc5 13. cxd5 exd5 14. Kh1 Be6 15. a4 Qe7 16. a5 0-0 17. Rh3 g6 18. Bd2 Rf7 19. Be1 Qc7 20. Rf3 Rd8 1/2-1/2

[Event "Sardinia World op-A"]
[Site "Orosei"]
[Date "2025.04.30"]
[Round "6"]
[White "Rubinshtein, Kamilla"]
[Black "Kanyamarala, Trisha"]
[Result "1-0"]
[WhiteElo "2058"]
[BlackElo "2185"]
[PlyCount "92"]
[EventDate "2025.04.27"]
[EventType "swiss"]
[EventRounds "9"]
[EventCountry "ITA"]
[SourceTitle "CB19_2025"]
[SourceDate "2025.05.07"]
[SourceVersion "1"]
[SourceVersionDate "2025.05.07"]
[SourceQuality "1"]

1. e4 c5 2. Nf3 e6 3. d4 cxd4 4. Nxd4 a6 5. Bd3 Bc5 6. c3 Qc7 7. 0-0 Nf6 8. Bg5 Be7 9. f4 d6 10. Nd2 Nbd7 11. Qf3 h6 12. Bh4 Nc5 13. Bc2 Nfxe4 14. Nxe4 Bxh4 15. f5 e5 16. f6 Bxf6 17. Nxf6+ gxf6 18. Qxf6 Rf8 19. Rae1 Be6 20. Nf5 Bxf5 21. Bxf5 Nd7 22. Qxh6 0-0-0 23. Rd1 Qc5+ 24. Kh1 Kc7 25. Bxd7 Kxd7 26. Qg7 Qc4 27. b3 Qe2 28. Rfe1 Qh5 29. Qxe5 Qxe5 30. Rxe5 Kc6 31. Rf5 Rde8 32. Rdf1 Re2 33. R5f2 Rxf2 34. Rxf2 Kd5 35. g4 b5 36. Kg2 Rc8 37. Rf3 Ke6 38. h4 a5 39. Kg3 d5 40. Kf4 b4 41. cxb4 axb4 42. Rf2 Rc3 43. Rh2 d4 44. h5 d3 45. Ke3 Rc2 46. Rxc2 Kd5 1-0

[Event "Sardinia World op-A"]
[Site "Orosei"]
[Date "2025.04.28"]
[Round "3"]
[White "Kanyamarala, Trisha"]
[Black "Admiraal, Miguoel"]
[Result "0-1"]
[WhiteElo "2185"]
[BlackElo "2454"]
[PlyCount "68"]
[EventDate "2025.04.27"]
[EventType "swiss"]
[EventRounds "9"]
[EventCountry "ITA"]
[SourceTitle "CB19_2025"]
[SourceDate "2025.05.07"]
[SourceVersion "1"]
[SourceVersionDate "2025.05.07"]
[SourceQuality "1"]

1. d4 Nf6 2. c4 e6 3. Nf3 d5 4. Nc3 Nbd7 5. cxd5 exd5 6. Bg5 c6 7. Qc2 h6 8. Bh4 g5 9. Bg3 Nh5 10. e3 Nxg3 11. hxg3 Bg7 12. Bd3 Nb6 13. 0-0-0 Be6 14. Nd2 Qe7 15. Nb3 0-0-0 16. Nc5 Kb8 17. Qb3 Bf8 18. Rd2 Ka8 19. Rc2 h5 20. N3a4 Qc7 21. Kb1 h4 22. gxh4 gxh4 23. Rhc1 Nxa4 24. Qxa4 Rg8 25. f3 Bxc5 26. dxc5 Qe5 27. Rc3 Rxg2 28. Qxh4 Rdg8 29. Rb3 Bc8 30. Qd4 Qxd4 31. exd4 Rf2 32. Bc2 Rgg2 33. Re3 Rxc2 34. Rh1 Rxb2+ 0-1

[Event "Dublin Easter IM"]
[Site "Dublin"]
[Date "2025.04.19"]
[Round "5"]
[White "Petrenko, Maryna"]
[Black "Kanyamarala, Trisha"]
[Result "0-1"]
[WhiteElo "2156"]
[BlackElo "2185"]
[PlyCount "54"]
[EventDate "2025.04.17"]
[EventType "tourn"]
[EventRounds "9"]
[EventCountry "IRL"]
[SourceTitle "CB17_2025"]
[SourceDate "2025.04.23"]
[SourceVersion "1"]
[SourceVersionDate "2025.04.23"]
[SourceQuality "1"]

1. c4 e5 2. g3 Nf6 3. Bg2 d5 4. cxd5 Nxd5 5. Nc3 Nf6 6. d3 Be7 7. Nf3 Nc6 8. 0-0 0-0 9. h3 Be6 10. b3 Qc8 11. Kh2 Rd8 12. e4 Bb4 13. Qc2 Qd7 14. Bb2 Qxd3 15. Qxd3 Rxd3 16. Nb5 Ne8 17. Nxe5 Nxe5 18. Bxe5 Ba5 19. Rac1 c6 20. Nd4 Bd7 21. Rfd1 Rxd1 22. Rxd1 Bb6 23. Bf1 Rd8 24. Bc4 Be6 25. Bxe6 fxe6 26. Rd2 Nf6 27. f3 c5 0-1

[Event "EU-ch 25th"]
[Site "Eforie Nord"]
[Date "2025.03.24"]
[Round "9"]
[White "Kanyamarala, Trisha"]
[Black "Gazdaru, Rares"]
[Result "1/2-1/2"]
[WhiteElo "2190"]
[BlackElo "2052"]
[PlyCount "74"]
[EventDate "2025.03.15"]
[EventType "swiss"]
[EventRounds "11"]
[EventCountry "ROU"]
[SourceTitle "CB13_2025"]
[SourceDate "2025.03.26"]
[SourceVersion "1"]
[SourceVersionDate "2025.03.26"]
[SourceQuality "1"]

1. d4 d5 2. c4 c6 3. e3 Nf6 4. Nf3 a6 5. Nbd2 e6 6. b3 Be7 7. Bd3 0-0 8. 0-0 c5 9. Bb2 Nc6 10. Qe2 cxd4 11. exd4 b6 12. Rac1 Bb7 13. Rfd1 dxc4 14. bxc4 b5 15. d5 exd5 16. cxd5 Nb4 17. Bb1 Nbxd5 18. Ne4 Rc8 19. Nfg5 Rxc1 20. Bxc1 g6 21. Bb2 h6 22. Nxf6+ Bxf6 23. Ne4 Bxb2 24. Qxb2 Re8 25. Bc2 Qe7 26. h3 Qe5 27. Qb3 Nf6 28. Nd6 Bd5 29. Rxd5 Nxd5 30. Nxe8 Kf8 31. Qa3+ Kxe8 32. Qxa6 Nf4 33. Qc8+ Ke7 34. Bb3 Ne6 35. Bxe6 Qxe6 36. Qc5+ Kf6 37. Qxb5 Qxa2 1/2-1/2

[Event "EU-ch 25th"]
[Site "Eforie Nord"]
[Date "2025.03.19"]
[Round "5"]
[White "Kanyamarala, Trisha"]
[Black "Albu, Vlad"]
[Result "1-0"]
[WhiteElo "2190"]
[BlackElo "1856"]
[PlyCount "77"]
[EventDate "2025.03.15"]
[EventType "swiss"]
[EventRounds "11"]
[EventCountry "ROU"]
[SourceTitle "CB13_2025"]
[SourceDate "2025.03.26"]
[SourceVersion "1"]
[SourceVersionDate "2025.03.26"]
[SourceQuality "1"]

1. d4 Nf6 2. c4 g6 3. Nc3 Bg7 4. e4 0-0 5. h3 d6 6. Be3 e5 7. d5 Nbd7 8. g4 a5 9. Nge2 Nc5 10. Ng3 Ne8 11. Qd2 Bf6 12. Be2 Bh4 13. Bh6 Ng7 14. Rg1 Kh8 15. 0-0-0 Rg8 16. Rg2 f5 17. gxf5 gxf5 18. Rdg1 Ne8 19. exf5 Bxg3 20. Rxg3 Rxg3 21. fxg3 a4 22. f6 Nxf6 23. Qg5 Qe7 24. Rf1 Ng8 25. Qxe7 Nxe7 26. Rf8+ Ng8 27. Bg4 Bxg4 28. Rxa8 Bxh3 29. Nb5 Nd3+ 30. Kc2 Nf2 31. Nxc7 Bf5+ 32. Kd2 Ng4 33. Bf8 N8f6 34. Ne8 Nxe8 35. Rxe8 Nf6 36. Rd8 Ne4+ 37. Ke3 h5 38. Bxd6+ Kh7 39. Bxe5 1-0

[Event "EU-ch 25th"]
[Site "Eforie Nord"]
[Date "2025.03.16"]
[Round "2"]
[White "Kanyamarala, Trisha"]
[Black "Kuzubov, Yuriy"]
[Result "0-1"]
[WhiteElo "2190"]
[BlackElo "2603"]
[PlyCount "82"]
[EventDate "2025.03.15"]
[EventType "swiss"]
[EventRounds "11"]
[EventCountry "ROU"]
[SourceTitle "CB13_2025"]
[SourceDate "2025.03.26"]
[SourceVersion "1"]
[SourceVersionDate "2025.03.26"]
[SourceQuality "1"]

1. d4 Nf6 2. c4 e6 3. Nf3 d5 4. Nc3 Be7 5. Bg5 0-0 6. e3 h6 7. Bh4 b6 8. Qb3 Bb7 9. Bxf6 Bxf6 10. cxd5 exd5 11. Bd3 c6 12. Rd1 Nd7 13. 0-0 Re8 14. e4 Nf8 15. e5 Be7 16. Ne1 Ne6 17. Ne2 c5 18. dxc5 Nxc5 19. Qc3 Rc8 20. Bf5 Rc7 21. Qh3 Ba6 22. Qf3 Bf8 23. Nd3 g6 24. Nxc5 bxc5 25. Rxd5 Qb8 26. Bd7 Re7 27. Rfd1 Qxb2 28. Nc3 Bb7 29. Qh3 Bxd5 30. Nxd5 Qxe5 31. f4 Qd6 32. Nxe7+ Qxe7 33. Ba4 Qe4 34. Bb5 Qxf4 35. Rf1 Qd4+ 36. Kh1 c4 37. Qg3 Bd6 38. Qf3 Qe5 39. Qg3 Qxg3 40. hxg3 Bxg3 41. Rf3 c3 0-1

[Event "Wch U20 Girls 41st"]
[Site "Petrovac"]
[Date "2025.03.01"]
[Round "5"]
[White "Kanyamarala, Trisha"]
[Black "Rakshitta, Ravi"]
[Result "0-1"]
[WhiteElo "2178"]
[BlackElo "2365"]
[PlyCount "162"]
[EventDate "2025.02.25"]
[EventType "swiss"]
[EventRounds "11"]
[EventCountry "MNE"]
[SourceTitle "CB11_2025"]
[SourceDate "2025.03.12"]
[SourceVersion "1"]
[SourceVersionDate "2025.03.12"]
[SourceQuality "1"]

1. d4 Nf6 2. c4 e6 3. Nf3 c5 4. d5 exd5 5. cxd5 d6 6. Nc3 g6 7. Nd2 Bg7 8. e4 0-0 9. Be2 Na6 10. 0-0 Nc7 11. a4 a6 12. Nc4 Rb8 13. Bf4 Nfe8 14. a5 Nb5 15. Qd2 Qe7 16. Rfe1 Bd7 17. Bd1 f6 18. Bg3 Nd4 19. f4 b5 20. axb6 Bb5 21. Na5 Rxb6 22. b4 Qc7 23. bxc5 dxc5 24. e5 fxe5 25. fxe5 Qf7 26. Bg4 h5 27. Bh3 h4 28. Bxh4 Bxe5 29. Nxb5 Qxd5 30. Qa2 c4 31. Nxc4 Nf3+ 32. gxf3 Bxa1 33. Qxa1 Qxc4 34. Nd4 Ng7 35. Re7 Qc5 36. Kh1 Rf7 37. Qa2 Qc1+ 38. Re1 Qf4 39. Bf2 Rd6 40. Qb2 Kh7 41. Re4 Qf6 42. Rh4+ Kg8 43. Bg3 Rb6 44. Qa2 g5 45. Re4 Rb4 46. Be5 Qb6 47. Bf1 Rb1 48. Kg1 Ne6 49. Qxe6 Qxe6 50. Nxe6 Rxf3 51. Bg3 Rfxf1+ 52. Kg2 Rf5 53. Kh3 Rfb5 54. Ra4 a5 55. Rd4 Kf7 56. Nc7 Rc5 57. Rd7+ Kg6 58. Ne6 Rc6 59. Nd4 Rc4 60. Kg4 Rd1 61. Rd6+ Kf7 62. Be5 Re1 63. Kf5 Rf1+ 64. Ke4 Rc5 65. Nf3 Rxf3 66. Kxf3 Rxe5 67. Kg4 Ke7 68. Ra6 Kd7 69. Rg6 Kc7 70. Rf6 Kb7 71. Rd6 a4 72. Rd4 Ra5 73. Kf3 a3 74. Rd1 Kc6 75. Ke3 a2 76. Ra1 Kc5 77. Kd3 Kb4 78. Kc2 Ka3 79. Re1 Rc5+ 80. Kd3 Kb2 81. Re2+ Kb1 0-1

[Event "Wch U20 Girls 41st"]
[Site "Petrovac"]
[Date "2025.02.27"]
[Round "3"]
[White "Kanyamarala, Trisha"]
[Black "Zeliantsova, Kseniya"]
[Result "1-0"]
[WhiteElo "2178"]
[BlackElo "1999"]
[PlyCount "87"]
[EventDate "2025.02.25"]
[EventType "swiss"]
[EventRounds "11"]
[EventCountry "MNE"]
[SourceTitle "CB11_2025"]
[SourceDate "2025.03.12"]
[SourceVersion "1"]
[SourceVersionDate "2025.03.12"]
[SourceQuality "1"]

1. d4 Nf6 2. c4 g6 3. Nc3 Bg7 4. e4 d6 5. h3 0-0 6. Be3 c5 7. Nf3 cxd4 8. Nxd4 Qa5 9. Bd3 Nc6 10. 0-0 Nxd4 11. Bxd4 Nh5 12. Bxg7 Kxg7 13. Be2 Nf4 14. Nd5 Nxe2+ 15. Qxe2 e6 16. b4 Qa3 17. Nc7 Rb8 18. Qd2 Rd8 19. c5 d5 20. exd5 exd5 21. Qd4+ Kg8 22. Nxd5 Be6 23. Nf6+ Kg7 24. Qe5 Rbc8 25. Nh5+ Kf8 26. Qh8+ Ke7 27. Qf6+ Kf8 28. Nf4 Kg8 29. Nxe6 fxe6 30. Qxe6+ Kh8 31. Rad1 Qc3 32. Rxd8+ Rxd8 33. Qe7 Qd4 34. Qxb7 a5 35. a3 axb4 36. axb4 Rd7 37. Qc8+ Kg7 38. c6 Re7 39. Qb8 Qc3 40. Qd6 Rf7 41. b5 Qc4 42. b6 Rf6 43. Qe7+ Rf7 44. Qe5+ 1-0

[Event "Wch U20 Girls 41st"]
[Site "Petrovac"]
[Date "2025.02.26"]
[Round "2"]
[White "Kairbekova, Amina"]
[Black "Kanyamarala, Trisha"]
[Result "1-0"]
[WhiteElo "2336"]
[BlackElo "2178"]
[PlyCount "69"]
[EventDate "2025.02.25"]
[EventType "swiss"]
[EventRounds "11"]
[EventCountry "MNE"]
[SourceTitle "CB11_2025"]
[SourceDate "2025.03.12"]
[SourceVersion "1"]
[SourceVersionDate "2025.03.12"]
[SourceQuality "1"]

1. e4 c5 2. Nf3 e6 3. d4 cxd4 4. Nxd4 a6 5. Nc3 b5 6. Bd3 Bb7 7. 0-0 Nc6 8. Nxc6 Bxc6 9. Re1 Qb8 10. a4 bxa4 11. Qe2 Bb4 12. Qg4 g6 13. Bf4 d6 14. Reb1 Qb7 15. e5 h5 16. Qh3 d5 17. Nxa4 Bb5 18. c3 Be7 19. b4 g5 20. Bd2 g4 21. Qe3 Nh6 22. Nc5 Qc6 23. Bc2 Nf5 24. Bxf5 Bxc5 25. bxc5 exf5 26. e6 f6 27. Qf4 Ke7 28. Qxf5 Rag8 29. Bf4 Qxc5 30. c4 Qxc4 31. Rc1 Qd4 32. Rc7+ Ke8 33. Rac1 Bc4 34. e7 Kf7 35. e8Q+ 1-0

[Event "Titled Tuesday intern op 04th Feb Late"]
[Site "Chess.com INT"]
[Date "2025.02.04"]
[Round "2"]
[White "Kanyamarala, Trisha"]
[Black "Duarte Fernandez, Agustin"]
[Result "0-1"]
[WhiteElo "2178"]
[BlackElo "2000"]
[PlyCount "154"]
[EventDate "2025.02.04"]
[EventType "swiss (blitz)"]
[EventRounds "11"]
[EventCountry "USA"]
[SourceTitle "CB07_2025"]
[SourceDate "2025.02.12"]
[SourceVersion "1"]
[SourceVersionDate "2025.02.12"]
[SourceQuality "1"]

1. c4 Nf6 2. Nc3 g6 3. g3 Bg7 4. Bg2 0-0 5. Nf3 e6 6. 0-0 d5 7. d3 d4 8. Ne4 Nxe4 9. dxe4 c5 10. e3 Nc6 11. Rb1 e5 12. Ne1 f5 13. exf5 Bxf5 14. Nd3 dxe3 15. Bd5+ Kh8 16. Bxe3 Nd4 17. Bxd4 cxd4 18. Re1 Qf6 19. Rc1 Rae8 20. Be4 Bc8 21. Qa4 h5 22. Qxa7 h4 23. Qa4 Bf5 24. Qd1 b6 25. b4 Qg5 26. a4 Bg4 27. Qc2 hxg3 28. hxg3 Qh5 29. a5 bxa5 30. bxa5 Bf6 31. Nc5 Kg7 32. Bg2 Rh8 33. Qe4 Qh2+ 34. Kf1 Bf5 35. Qb7+ Re7 36. Qf3 Bg5 37. Rb1 Rf8 38. Rb7 Rxb7 39. Qxb7+ Rf7 40. Qd5 Bf6 41. Ne6+ Bxe6 42. Qxe6 d3 43. Bd5 Rf8 44. Qd7+ Kh6 45. Rd1 Bg5 46. Bg2 Qxg3 47. Qh3+ Qxh3 48. Bxh3 e4 49. Kg2 d2 50. Bg4 Ra8 51. c5 Rxa5 52. c6 Rc5 53. Bd7 Bf4 54. Kh3 Rc1 55. Bg4 Rxc6 56. Be2 Rc1 57. Kg4 g5 58. Kf5 e3 59. fxe3 Bxe3 60. Bg4 Bf4 61. Be2 Kg7 62. Ke6 Kg6 63. Bf3 Kg7 64. Kf5 Rc3 65. Be2 Kf7 66. Bh5+ Ke7 67. Be2 Rc1 68. Bf3 Kd6 69. Be2 Kc5 70. Ke4 Kb4 71. Kd3 Kb3 72. Bf3 Kb2 73. Be2 Rc3+ 74. Kd4 Kc2 75. Bg4 Rb3 76. Rf1 Rb4+ 77. Kd5 Rb3 0-1

[Event "Titled Tuesday intern op 04th Feb Late"]
[Site "Chess.com INT"]
[Date "2025.02.04"]
[Round "8"]
[White "Kanyamarala, Trisha"]
[Black "Herman, Daniel"]
[Result "1-0"]
[WhiteElo "2178"]
[BlackElo "1920"]
[PlyCount "59"]
[EventDate "2025.02.04"]
[EventType "swiss (blitz)"]
[EventRounds "11"]
[EventCountry "USA"]
[SourceTitle "CB07_2025"]
[SourceDate "2025.02.12"]
[SourceVersion "1"]
[SourceVersionDate "2025.02.12"]
[SourceQuality "1"]

1. c4 c5 2. Nc3 Nc6 3. g3 g6 4. Bg2 Bg7 5. Nf3 e6 6. 0-0 Nge7 7. d4 cxd4 8. Nb5 d5 9. c5 0-0 10. Nbxd4 e5 11. Nb5 e4 12. Nfd4 a6 13. Nxc6 Nxc6 14. Nd6 Ne7 15. Bg5 Be6 16. Nxb7 Qc7 17. Nd6 h6 18. Be3 Bxb2 19. Rb1 Bg7 20. Rb7 Qd8 21. Qd2 Kh7 22. Rfb1 Nf5 23. Nxf5 Bxf5 24. Rd1 Be6 25. Bd4 Rc8 26. Bxg7 Kxg7 27. Rb6 Rxc5 28. Qd4+ Qf6 29. Qxc5 Rc8 30. Qxc8 1-0

[Event "Titled Tuesday intern op 04th Feb Late"]
[Site "Chess.com INT"]
[Date "2025.02.04"]
[Round "10"]
[White "Yevchenko, Alexander"]
[Black "Kanyamarala, Trisha"]
[Result "1-0"]
[WhiteElo "2276"]
[BlackElo "2178"]
[PlyCount "127"]
[EventDate "2025.02.04"]
[EventType "swiss (blitz)"]
[EventRounds "11"]
[EventCountry "USA"]
[SourceTitle "CB07_2025"]
[SourceDate "2025.02.12"]
[SourceVersion "1"]
[SourceVersionDate "2025.02.12"]
[SourceQuality "1"]

1. c4 Nf6 2. Nc3 c5 3. Nf3 Nc6 4. d4 cxd4 5. Nxd4 d6 6. e4 g6 7. Be2 Bg7 8. Be3 0-0 9. f3 a6 10. Nc2 Nd7 11. 0-0 b6 12. Qd2 Bb7 13. Rac1 Rc8 14. b3 Re8 15. Kh1 Nc5 16. Rfe1 e5 17. Nd5 Ne7 18. Bg5 Bxd5 19. exd5 f6 20. Be3 f5 21. b4 Nb7 22. Red1 Bf6 23. c5 bxc5 24. Bxa6 Qb6 25. Bxb7 Qxb7 26. bxc5 f4 27. Bf2 dxc5 28. d6 Red8 29. Na3 Nf5 30. Bxc5 Nd4 31. Bxd4 exd4 32. Qxf4 Kg7 33. Nc4 Qd5 34. Nd2 Rxc1 35. Rxc1 Rxd6 36. Ne4 Re6 37. Nxf6 Rxf6 38. Rc7+ Rf7 39. Rxf7+ Qxf7 40. Qxd4+ Kh6 41. a4 Qa2 42. h3 Qb1+ 43. Kh2 Qb8+ 44. f4 Qc7 45. Qe5 Qa7 46. a5 Qa6 47. Qg5+ Kg7 48. Qe7+ Kh6 49. Qe5 Qc6 50. Qg5+ Kg7 51. Qe7+ Kh6 52. Qe3 Kg7 53. Qb6 Qe4 54. Qc7+ Kh6 55. a6 Qa4 56. a7 Qa1 57. Qb8 Qa6 58. a8Q Qxa8 59. Qxa8 Kh5 60. Qa7 h6 61. g4+ Kh4 62. Qe7+ g5 63. fxg5 hxg5 64. Qh7# 1-0

[Event "Titled Tuesday intern op 21st Jan Late"]
[Site "Chess.com INT"]
[Date "2025.01.21"]
[Round "7"]
[White "Adewumi, Tanitoluwa"]
[Black "Kanyamarala, Trisha"]
[Result "1-0"]
[WhiteElo "2352"]
[BlackElo "2158"]
[PlyCount "41"]
[EventDate "2025.01.21"]
[EventType "swiss (blitz)"]
[EventRounds "11"]
[EventCountry "USA"]
[SourceTitle "CB05_2025"]
[SourceDate "2025.01.29"]
[SourceVersion "1"]
[SourceVersionDate "2025.01.29"]
[SourceQuality "1"]

1. Nf3 Nf6 2. c4 c5 3. g3 Nc6 4. Bg2 g6 5. d4 cxd4 6. Nxd4 Bg7 7. Nc3 0-0 8. 0-0 Nxd4 9. Qxd4 Qa5 10. Bd2 Qh5 11. Bf3 Qf5 12. Bg2 Ng4 13. Qf4 Qxf4 14. Bxf4 Ne5 15. Nd5 Nxc4 16. Rac1 e5 17. Rxc4 exf4 18. Rfc1 b5 19. Rxc8 Raxc8 20. Rxc8 f3 21. Bxf3 1-0

[Event "Titled Tuesday intern op 21st Jan Late"]
[Site "Chess.com INT"]
[Date "2025.01.21"]
[Round "6"]
[White "Garcia Alvarez, Diego"]
[Black "Kanyamarala, Trisha"]
[Result "0-1"]
[WhiteElo "2124"]
[BlackElo "2158"]
[PlyCount "90"]
[EventDate "2025.01.21"]
[EventType "swiss (blitz)"]
[EventRounds "11"]
[EventCountry "USA"]
[SourceTitle "CB05_2025"]
[SourceDate "2025.01.29"]
[SourceVersion "1"]
[SourceVersionDate "2025.01.29"]
[SourceQuality "1"]

1. d4 Nf6 2. c4 e6 3. Nc3 d5 4. Bg5 h6 5. Bh4 Be7 6. cxd5 Nxd5 7. Bxe7 Qxe7 8. e4 Nxc3 9. bxc3 c5 10. Nf3 0-0 11. Bd3 Nd7 12. 0-0 Nf6 13. Re1 Rd8 14. d5 exd5 15. exd5 Qd6 16. c4 Bg4 17. h3 Bh5 18. g4 Bg6 19. Bxg6 fxg6 20. Qd3 Qf4 21. Ne5 Re8 22. Nxg6 Qd6 23. Qf5 b5 24. cxb5 Kf7 25. Nf4 c4 26. Re6 Rxe6 27. dxe6+ Kg8 28. Re1 Re8 29. a4 c3 30. Ng6 Qd2 31. Rf1 c2 32. Qf4 Qd3 33. Ne5 Qd6 34. Ng6 Qxe6 35. Rc1 Qe1+ 36. Kg2 Qd1 37. Ne5 Qd5+ 38. Kg3 Qxe5 39. Qxe5 Rxe5 40. Rxc2 Re4 41. a5 Rb4 42. Rc5 Ne4+ 43. Kf3 Nxc5 44. b6 axb6 45. a6 Nxa6 0-1

[Event "Titled Tuesday intern op 21st Jan Late"]
[Site "Chess.com INT"]
[Date "2025.01.21"]
[Round "2"]
[White "Kanyamarala, Trisha"]
[Black "Montano Vicente, Guadalupe"]
[Result "1-0"]
[WhiteElo "2158"]
[BlackElo "1970"]
[PlyCount "73"]
[EventDate "2025.01.21"]
[EventType "swiss (blitz)"]
[EventRounds "11"]
[EventCountry "USA"]
[SourceTitle "CB05_2025"]
[SourceDate "2025.01.29"]
[SourceVersion "1"]
[SourceVersionDate "2025.01.29"]
[SourceQuality "1"]

1. c4 Nf6 2. Nc3 e5 3. g3 d5 4. cxd5 Nxd5 5. Bg2 Nb6 6. Nf3 Nc6 7. 0-0 Be7 8. d3 0-0 9. a3 a5 10. Be3 Be6 11. Rc1 Nd5 12. Nxd5 Bxd5 13. Bc5 Bxc5 14. Rxc5 Qd6 15. Rc1 a4 16. Nd2 Bxg2 17. Kxg2 Qd5+ 18. Kg1 f5 19. Rc4 f4 20. Rxa4 Rxa4 21. Qxa4 Nd4 22. Re1 f3 23. exf3 Nxf3+ 24. Nxf3 Qxf3 25. Qc4+ Kh8 26. Qc5 b6 27. Qe3 Qf5 28. Re2 h6 29. Qe4 Qd7 30. Re3 Qf7 31. Re2 Qd7 32. Kg2 c5 33. Re3 Qf7 34. Rf3 Qxf3+ 35. Qxf3 Rxf3 36. Kxf3 Kg8 37. Ke4 1-0

[Event "Titled Tuesday intern op 21st Jan Late"]
[Site "Chess.com INT"]
[Date "2025.01.21"]
[Round "10"]
[White "Kanyamarala, Trisha"]
[Black "Rangel, Daniel"]
[Result "1-0"]
[WhiteElo "2158"]
[BlackElo "2248"]
[PlyCount "137"]
[EventDate "2025.01.21"]
[EventType "swiss (blitz)"]
[EventRounds "11"]
[EventCountry "USA"]
[SourceTitle "CB05_2025"]
[SourceDate "2025.01.29"]
[SourceVersion "1"]
[SourceVersionDate "2025.01.29"]
[SourceQuality "1"]

1. c4 Nf6 2. Nc3 e6 3. e4 d5 4. e5 Ne4 5. Nxe4 dxe4 6. Qg4 Qd4 7. Nf3 Qb6 8. Qxe4 Nc6 9. Be2 Bd7 10. 0-0 Nb4 11. a3 Bc6 12. Qb1 Na6 13. b4 Bxf3 14. Bxf3 c5 15. d4 cxd4 16. c5 Qc7 17. Qe4 Rb8 18. Qxd4 Be7 19. Be3 0-0 20. Rac1 Rfd8 21. Qc4 Rbc8 22. Rfd1 Rxd1+ 23. Rxd1 Nb8 24. b5 Nd7 25. c6 Nxe5 26. Bf4 Nxc4 27. Bxc7 Rxc7 28. cxb7 Rxb7 29. Bxb7 Bxa3 30. Rd8+ Bf8 31. Ra8 Nd6 32. Bc6 g6 33. Rxa7 Nc4 34. Rb7 Bc5 35. Rb8+ Kg7 36. Kf1 Kf6 37. Rc8 Nb6 38. Rh8 h5 39. Rb8 Ke7 40. Rb7+ Kf6 41. Be8 Ke5 42. Bxf7 g5 43. Bxh5 Kd6 44. Bf3 Nc4 45. g3 Nd2+ 46. Kg2 Nb3 47. h4 Nc1 48. hxg5 Nd3 49. Kf1 Ne5 50. Be4 Bb4 51. g6 Nc4 52. g7 Nd2+ 53. Ke2 Nxe4 54. g8Q Nc3+ 55. Kd3 Nd5 56. Qf8+ Ke5 57. Qb8+ Bd6 58. f4+ Kf5 59. Qxd6 Nb4+ 60. Qxb4 e5 61. Qe4+ Kg4 62. Qxe5 Kxg3 63. Qe8 Kf3 64. f5 Kf4 65. f6 Kg5 66. f7 Kh6 67. f8Q+ Kg5 68. Qe5+ Kg6 69. Qff6# 1-0

[Event "Huddersfield 4NCL op 32nd"]
[Site "Huddersfield"]
[Date "2025.01.18"]
[Round "2"]
[White "Waterfield, Mark"]
[Black "Kanyamarala, Trisha"]
[Result "0-1"]
[WhiteElo "1842"]
[BlackElo "2158"]
[PlyCount "80"]
[EventDate "2025.01.17"]
[EventType "swiss"]
[EventRounds "5"]
[EventCountry "ENG"]
[SourceTitle "CB04_2025"]
[SourceDate "2025.01.22"]
[SourceVersion "1"]
[SourceVersionDate "2025.01.22"]
[SourceQuality "1"]

1. e4 c5 2. Nf3 e6 3. d4 cxd4 4. Nxd4 a6 5. Bd3 b5 6. 0-0 Bb7 7. Be3 Nc6 8. a4 b4 9. Nd2 Nf6 10. Nxc6 dxc6 11. f4 c5 12. b3 Be7 13. g4 h5 14. gxh5 Qc7 15. Qe2 Nxh5 16. e5 Ng3 17. Qg4 Nxf1 18. Rxf1 0-0-0 19. Be4 Bxe4 20. Nxe4 Qc6 21. Qf3 Qd5 22. Rc1 f6 23. f5 exf5 24. Qxf5+ Kb7 25. c4 Qxe5 26. Nxc5+ Bxc5 27. Qxe5 fxe5 28. Bxc5 a5 29. Rf1 Kc6 30. Be7 Rd3 31. Bf8 Rxb3 32. Bxg7 Rg8 33. Rf7 Rh3 34. Kf1 Rh7 35. Rf6+ Kc5 36. Bf8+ Kxc4 37. Bd6 Kd5 38. Bf8 Rxh2 39. Rd6+ Ke4 40. Bh6 b3 0-1

[Event "EU-ch blitz (Women)"]
[Site "Monaco"]
[Date "2025.01.10"]
[Round "9"]
[White "Kanyamarala, Trisha"]
[Black "Calzetta Ruiz, Monica"]
[Result "0-1"]
[WhiteElo "2158"]
[BlackElo "2230"]
[PlyCount "78"]
[EventDate "2025.01.10"]
[EventType "swiss (blitz)"]
[EventRounds "13"]
[EventCountry "MNC"]
[SourceTitle "CB03_2025"]
[SourceDate "2025.01.15"]
[SourceVersion "1"]
[SourceVersionDate "2025.01.15"]
[SourceQuality "1"]

1. d4 d5 2. c4 c5 3. cxd5 Nf6 4. Nf3 cxd4 5. Qxd4 Qxd5 6. Nc3 Qxd4 7. Nxd4 a6 8. Bg5 e5 9. Nb3 Nbd7 10. e3 Bb4 11. Bd3 0-0 12. 0-0 h6 13. Bh4 b6 14. Rac1 Bb7 15. a3 Be7 16. Rfd1 Rac8 17. Bf5 g5 18. Bxd7 Rcd8 19. Bxg5 hxg5 20. Bf5 Nd5 21. Na4 Kg7 22. Be4 f5 23. Bxd5 Bxd5 24. Nd2 b5 25. Nc3 Be6 26. Nf3 Kf6 27. Nd2 Rd7 28. Ndb1 Rfd8 29. Rxd7 Rxd7 30. Rd1 Rc7 31. Rc1 b4 32. axb4 Bxb4 33. Rd1 Bb3 34. Rd2 Ke6 35. h3 a5 36. Rd3 a4 37. Rd2 Ba5 38. Rd3 Bc2 39. Rd2 Bxb1 0-1